Poetas Románticos Franceses. Lamartine, Vigny, V. Hugo, Nerval, Musset, Gautier

Guardado en:
Detalles Bibliográficos
Autor principal: Pujol, Carlos (Autor)
Formato: Libro
Lenguaje:español
Publicado: Barcelona Planeta 1990
Edición:1a. ed
Colección:Clásicos Universales Planeta, 192
Materias:
Etiquetas: Agregar Etiqueta
Sin Etiquetas, Sea el primero en etiquetar este registro!

MARC

LEADER 00000nam a2200000 a 4500
001 UCH6429
003 CL-VaPUC
008 091109e19900000SP |||||||||||||||||spa|d
020 |a 843206954X 
082 0 4 |a 841  |b PUJ  |2 21 
100 0 |a Pujol, Carlos  |e author  |9 542934 
245 1 0 |a Poetas Románticos Franceses. Lamartine, Vigny, V. Hugo, Nerval, Musset, Gautier 
250 |a 1a. ed 
300 |a 242 p 
942 |c BK 
945 |d 20091109 00:00:00  |a ccalabra 
260 |a Barcelona  |b Planeta  |c 1990 
650 0 |a Literatura  |9 259151 
650 0 |a Literatura francesa  |9 266330 
650 0 |a Poesía francesa  |9 264947 
650 7 |a ROMANTICISMO FRANCES  |2 CL-VaPUC  |9 542935 
650 7 |a POESTAS FRANCESES  |2 CL-VaPUC  |9 542936 
650 7 |a PROSA  |2 CL-VaPUC  |9 306692 
650 0 |a Lectura  |9 307634 
651 0 |a Francia  |9 255157 
583 |a last modification  |c 20091109 00:00:00  |k Rodrigo Vera 
490 0 |a Clásicos Universales Planeta, 192 
999 |c 337314  |d 337312